Construction and foundation engineering / (Record no. 12010)
[ view plain ]
| 000 -LEADER | |
|---|---|
| fixed length control field | 00499nam a22001577a 4500 |
| 008 - FIXED-LENGTH DATA ELEMENTS--GENERAL INFORMATION | |
| fixed length control field | 090624t xxu||||| |||| 00| 0 eng d |
| 082 ## - DEWEY DECIMAL CLASSIFICATION NUMBER | |
| Edition number | 22 |
| Classification number | 624.150913 |
| Item number | SIN |
| 100 1# - MAIN ENTRY--PERSONAL NAME | |
| Personal name | Singh, Baharat |
| 9 (RLIN) | 6849 |
| 245 ## - TITLE STATEMENT | |
| Title | Construction and foundation engineering / |
| Statement of responsibility, etc | Bharat Singh, D. L. Gupta |
| 250 ## - EDITION STATEMENT | |
| Remainder of edition statement | Throughly Revised Edition |
| 260 ## - PUBLICATION, DISTRIBUTION, ETC. (IMPRINT) | |
| Place of publication, distribution, etc | Delhi : |
| Name of publisher, distributor, etc | S. K. Kataria & Sons, |
| Date of publication, distribution, etc | c1995. |
| 300 ## - PHYSICAL DESCRIPTION | |
| Extent | 1253 p. : |
| Other physical details | ill.; |
| Dimensions | 20 cm |
| 650 #0 - SUBJECT ADDED ENTRY--TOPICAL TERM | |
| 9 (RLIN) | 6850 |
| Topical term or geographic name as entry element | Foundations |
| 700 1# - ADDED ENTRY--PERSONAL NAME | |
| Personal name | Gupta, D. L. |
| 9 (RLIN) | 6851 |
| 942 ## - ADDED ENTRY ELEMENTS (KOHA) | |
| Source of classification or shelving scheme | Dewey Decimal Classification |
| Item type | Book - Borrowing |
| Withdrawn status | Item status | Source of classification or shelving scheme | Damaged status | Not for loan | Vendor | Home library | Current library | Shelving location | Date acquired | Source of acquisition | Cost, normal purchase price | Serial Enumeration / chronology | Total Checkouts | Total Renewals | Full call number | Barcode | Date last seen | Date last borrowed | Koha item type |
|---|---|---|---|---|---|---|---|---|---|---|---|---|---|---|---|---|---|---|---|
| Dewey Decimal Classification | Alahram | Central Library | Central Library | First floor | 24/06/2009 | 74.00 | 361 | 2 | 33 | 624.150913 SIN | 000016955 | 15/07/2025 | 29/11/2015 | Book - Borrowing |